Pobre', como siempre : estrategias de reproducción social en la pobreza : un estudio de caso /
Guardado en:
| Autor Principal: | |
|---|---|
| Formato: | Libro |
| Idioma: | Spanish |
| Publicado: |
Córdoba [Argentina] :
Ferreyra Editor,
c2005.
|
| Materias: | |
| Etiquetas: |
Agregar Etiqueta
Sin Etiquetas, Sea el primero en etiquetar este registro!
|
| LEADER | 01245cam a2200313 a 4500 | ||
|---|---|---|---|
| 001 | EUN.eunm008008 | ||
| 005 | 20190911073708.0 | ||
| 008 | 050713s2005####ag#a#####b####000#0#spa#d | ||
| 010 | |a 2005437131 | ||
| 020 | |a 987111012X | ||
| 040 | |a TEF |c TEF |d DLC | ||
| 043 | |a s-ag--- | ||
| 050 | 0 | 0 | |a HC178.C6 |b G88 2005 |
| 082 | 0 | 0 | |a 362.5 |2 21 |
| 100 | 1 | |a Gutiérrez, Alicia B. | |
| 245 | 1 | 0 | |a Pobre', como siempre : |b estrategias de reproducción social en la pobreza : un estudio de caso / |c Alicia B. Gutiérrez. |
| 246 | 3 | 0 | |a Pobre, como siempre |
| 260 | |a Córdoba [Argentina] : |b Ferreyra Editor, |c c2005. | ||
| 300 | |a 448 p. : |b il. ; |c 22 cm. | ||
| 500 | |a El texto es una adaptación de la tesis de doctorado del autor, en cotutela entre la Universidad de Buenos Aires y L'École des Hautes Études en Sciences Sociales de París, defendida en abril del 2002. | ||
| 504 | |a Incluye referencias bibliográficas. | ||
| 650 | 0 | |a Problemas sociales. |2 unbist | |
| 650 | 0 | |a Pobreza. |2 unbist | |
| 650 | 0 | |a Pobreza urbana. |2 unbist | |
| 650 | 0 | |a Condiciones sociales. |2 abne | |
| 650 | 7 | |a Estudios de casos. |2 unbist | |
| 651 | 0 | |a Córdoba (Argentina) | |
| 651 | 7 | |a Argentina. |2 unbist | |
| 859 | |a AR-BaUNS |b BIB. CENTRAL - Sector A |h 362.5 |i G985 |p 127247/019 | ||
